000 00581nam a2200229Ia 4500
003 OSt
005 20220925201856.0
006 a|||||r|||| 00| 0
007 ta
008 220923b |||||||| |||| 00| 0 eng d
037 _cGeneral Book
040 _aRTL
_cRTL
_beng
041 _2eng
_aeng
082 _aX:8K, L1
100 _aGhosh P K
245 0 _aElements of costing
260 _aDelhi
_bNational India
_c1971
300 _a278p.
_ccm.
650 _aCost Accuonts
_9232698
942 _hX:8K, L1
_cGB
_2CC
999 _c541567
_d541567